Statistics for Countries That Border This But Not That

Click here to take the quiz!

General Stats

  • This quiz has been taken 111 times
    (64 since last reset)
  • The average score is 13 of 14

Answer Stats

Borders ...Country... But Not% Correct
BelguimNetherlandsLuxembourg
100%
North KoreaSouth KoreaMongolia
97%
CambodiaVietnamMyanmar
97%
AndorraSpainSuriname
95%
United StatesCanadaBelize
93%
BoliviaChileBrazil
93%
Costa RicaNicaraguaColombia
93%
GreeceAlbaniaBulgaria
92%
MontenegroAlbaniaSerbia
92%
IndiaBangladeshChina
92%
NamibiaSouth AfricaZambia
92%
AzerbaijanIranGeorgia
87%
BeninNigeriaBurkina Faso
85%
Equatorial GuineaGabonChad
82%

Score Distribution

Percentile by Number Answered

Percent of People with Each Score

Your Score History

You have not taken this quiz since the last reset